Development economics : (Record no. 22197)
[ view plain ]
| 000 -LEADER | |
|---|---|
| fixed length control field | 00964cam a22002655a 4500 |
| 001 - CONTROL NUMBER | |
| control field | 18650022 |
| 005 - DATE AND TIME OF LATEST TRANSACTION | |
| control field | 20160825114948.0 |
| 008 - FIXED-LENGTH DATA ELEMENTS--GENERAL INFORMATION | |
| fixed length control field | 150608s2016 enka frb 001 0 eng d |
| 020 ## - INTERNATIONAL STANDARD BOOK NUMBER | |
| International Standard Book Number | 9781138885318 |
| 040 ## - CATALOGING SOURCE | |
| Original cataloging agency | DLC |
| Language of cataloging | eng |
| Transcribing agency | DLC |
| Modifying agency | DLC |
| -- | EG-ScBUE |
| 082 04 - DEWEY DECIMAL CLASSIFICATION NUMBER | |
| Classification number | 338.9 |
| Edition number | 22 |
| Item number | DEJ |
| 100 1# - MAIN ENTRY--PERSONAL NAME | |
| Personal name | De Janvry, Alain. |
| 9 (RLIN) | 40799 |
| 245 10 - TITLE STATEMENT | |
| Title | Development economics : |
| Remainder of title | theory and practice / |
| Statement of responsibility, etc | Alain de Janvry and Elisabeth Sadoulet. |
| 260 ## - PUBLICATION, DISTRIBUTION, ETC. (IMPRINT) | |
| Place of publication, distribution, etc | Oxon ; |
| -- | New York : |
| Name of publisher, distributor, etc | Routledge / Taylor & Francis Group, |
| Date of publication, distribution, etc | 2016. |
| 300 ## - PHYSICAL DESCRIPTION | |
| Extent | xxix, 828 p. : |
| Other physical details | ill. ; |
| Dimensions | 25 cm. |
| 500 ## - GENERAL NOTE | |
| General note | Index : p. 813-828. |
| 504 ## - BIBLIOGRAPHY, ETC. NOTE | |
| Bibliography, etc | Includes bibliographical references. |
| 650 #7 - SUBJECT ADDED ENTRY--TOPICAL TERM | |
| Topical term or geographic name as entry element | Development economics. |
| Source of heading or term | BUEsh |
| 9 (RLIN) | 4896 |
| 650 #7 - SUBJECT ADDED ENTRY--TOPICAL TERM | |
| Topical term or geographic name as entry element | Economic development. |
| Source of heading or term | BUEsh |
| 9 (RLIN) | 10495 |
| 651 #7 - SUBJECT ADDED ENTRY--GEOGRAPHIC NAME | |
| Geographic name | Developing countries |
| General subdivision | Economic policy. |
| Source of heading or term | BUEsh |
| 9 (RLIN) | 3693 |
| 651 #7 - SUBJECT ADDED ENTRY--GEOGRAPHIC NAME | |
| Geographic name | Developing countries |
| General subdivision | Social policy. |
| Source of heading or term | BUEsh |
| 9 (RLIN) | 40800 |
| 653 ## - INDEX TERM--UNCONTROLLED | |
| Resource For college | BAEPS, Economics |
| Arrived date list | August 2016 |
| 700 1# - ADDED ENTRY--PERSONAL NAME | |
| Personal name | Sadoulet, Elisabeth, |
| Dates associated with a name | 1945- |
| 942 ## - ADDED ENTRY ELEMENTS (KOHA) | |
| Source of classification or shelving scheme | Dewey Decimal Classification |
| Withdrawn status | Item status | Source of classification or shelving scheme | Damaged status | Not for loan | Vendor | Home library | Current library | Shelving location | Date acquired | Source of acquisition | Cost, normal purchase price | Serial Enumeration / chronology | Total Checkouts | Full call number | Barcode | Date last seen | Cost, replacement price | Koha item type |
|---|---|---|---|---|---|---|---|---|---|---|---|---|---|---|---|---|---|---|
| Dewey Decimal Classification | Baccah | Central Library | Central Library | First floor | 22/08/2016 | Purchase | 705.00 | 25140 | 338.9 DEJ | 000033330 | 15/07/2025 | 881.25 | Book - Borrowing |